00929nam a2200217 i 4500001000300000245023300003260004500236300003300281500002600314504002400340650003800364655002900402700002600431710006800457020001500525040000800540041001100548080001300559008004100572856009800613bg10aApplications of computer systems ACS :bproceedings of the Second International Conference : Szczecin - Poland, December 8-9, 1995 /ced. Jerzy Sołdek ; Institute of Computer Science - Technical University of Szczecin [et al.]. aSzczecin :bWydaw. Uczelniane PS,c1995. a241, [4] s. :bil. ;c24 cm. aTekst częśc. ros. aBibliogr. przy ref. 9aSystemy informatycznexstosowanie aMateriały konferencyjne1 aSOŁDEK, Jerzy.eRed. aTechnical University of SzczecinbInstitute of Computer Science a8386359978 cBPK0 aengrus a004(061) s pl f |000 0 pol  uhttp://koha.tu.koszalin.pl/cgi-bin/koha/opac-detail.pl?biblionumber=43472yKatalog online BPK